[Event "Королевский Гамбит. Южный Федеральный округ."]
[Date "2025-11-21"]
[Round "7.3"]
[Board "3"]
[White "Попов Константин"]
[WhiteElo "1019"]
[Black "Бездорожный Мирослав"]
[BlackElo "993"]
[WebSite "https://www.chessopen.ru"]
[GameId "f86ac43a-3d84-4878-adfe-7e9fe386e5ef"]
[Result "1-0"]

1. e4 { [%clk 0:10:00] } e5 { [%clk 0:10:01] } 2. Bc4 { [%clk 0:09:58] } Nc6 {
[%clk 0:10:01] } 3. Qh5 { [%clk 0:09:55] } Qe7 { [%clk 0:10:02] } 4. d3 { [%clk
0:09:55] } Nf6 { [%clk 0:09:55] } 5. Qf3 { [%clk 0:09:53] } Qb4+ { [%clk
0:09:45] } 6. Bd2 { [%clk 0:09:53] } Qxb2 { [%clk 0:09:25] } 7. Bc3 { [%clk
0:09:54] } Qxc3+ { [%clk 0:09:05] } 8. Nxc3 { [%clk 0:09:54] } Nd4 { [%clk
0:08:47] } 9. Qd1 { [%clk 0:09:50] } Ng4 { [%clk 0:08:28] } 10. Bb3 { [%clk
0:09:47] } Bc5 { [%clk 0:08:15] } 11. Qxg4 { [%clk 0:09:46] } Nxc2+ { [%clk
0:08:11] } 12. Bxc2 { [%clk 0:09:43] } Be7 { [%clk 0:08:09] } 13. Qxg7 { [%clk
0:09:41] } Bf8 { [%clk 0:08:06] } 14. Qxh8 { [%clk 0:09:38] } d6 { [%clk
0:08:04] } 15. Qxh7 { [%clk 0:09:37] } Be6 { [%clk 0:07:57] } 16. Qh4 { [%clk
0:09:29] } a6 { [%clk 0:07:47] } 17. Nd5 { [%clk 0:09:27] } c6 { [%clk 0:07:45]
} 18. Nc7+ { [%clk 0:09:23] } Kd7 { [%clk 0:07:42] } 19. Nxa8 { [%clk 0:09:23]
} Ke8 { [%clk 0:07:40] } 20. Nc7+ { [%clk 0:09:20] } Kd7 { [%clk 0:07:41] } 21.
Nxe6 { [%clk 0:09:21] } Kxe6 { [%clk 0:07:41] } 22. Bb3+ { [%clk 0:09:22] } Kd7
{ [%clk 0:07:41] } 23. Qg4+ { [%clk 0:09:23] } Kc7 { [%clk 0:07:37] } 24. Bxf7
{ [%clk 0:09:23] } Be7 { [%clk 0:07:31] } 25. O-O-O { [%clk 0:09:13] } d5 {
[%clk 0:07:27] } 26. exd5 { [%clk 0:09:11] } cxd5 { [%clk 0:07:28] } 27. Bxd5 {
[%clk 0:09:10] } Kd6 { [%clk 0:07:28] } 28. Qe6+ { [%clk 0:09:10] } Kc5 { [%clk
0:07:27] } 29. d4+ { [%clk 0:09:11] } Kb4 { [%clk 0:07:25] } 30. Qxe7+ { [%clk
0:09:06] } Kc3 { [%clk 0:07:26] } 31. Qc7+ { [%clk 0:09:05] } Kb4 { [%clk
0:07:17] } 32. Qc5+ { [%clk 0:09:05] } Ka4 { [%clk 0:07:17] } 33. Qc4+ { [%clk
0:09:05] } Ka5 { [%clk 0:07:18] } 34. a3 { [%clk 0:08:59] } exd4 { [%clk
0:07:19] } 35. Qb4# { [%clk 0:08:59] } 1-0

[Event "Королевский Гамбит. Южный Федеральный округ."]
[Date "2025-11-21"]
[Round "7.3"]
[Board "3"]
[White "Сухомлин Маргарита"]
[WhiteElo "991"]
[Black "Витченко Артём"]
[BlackElo "961"]
[WebSite "https://www.chessopen.ru"]
[GameId "21421b8f-c2b3-4f15-8cb4-e9c66003ecea"]
[Result "1-0"]

1. e4 { [%clk 0:09:58] } e5 { [%clk 0:10:01] } 2. Nf3 { [%clk 0:10:00] } Nf6 {
[%clk 0:10:02] } 3. Bc4 { [%clk 0:09:58] } Bb4 { [%clk 0:10:05] } 4. c3 { [%clk
0:09:56] } Ba5 { [%clk 0:10:02] } 5. b4 { [%clk 0:09:56] } Bb6 { [%clk 0:10:03]
} 6. Bb3 { [%clk 0:09:54] } Nc6 { [%clk 0:10:04] } 7. Na3 { [%clk 0:09:52] }
O-O { [%clk 0:10:02] } 8. Nc4 { [%clk 0:09:48] } Bxf2+ { [%clk 0:09:53] } 9.
Kxf2 { [%clk 0:09:44] } Nxe4+ { [%clk 0:09:42] } 10. Ke1 { [%clk 0:09:37] } d5
{ [%clk 0:09:29] } 11. Ncxe5 { [%clk 0:09:35] } f6 { [%clk 0:09:24] } 12. Ng6 {
[%clk 0:09:30] } hxg6 { [%clk 0:09:24] } 13. Nd4 { [%clk 0:09:24] } Nxd4 {
[%clk 0:09:24] } 14. cxd4 { [%clk 0:09:25] } Bf5 { [%clk 0:09:02] } 15. g4 {
[%clk 0:09:23] } Bxg4 { [%clk 0:09:00] } 16. Qxg4 { [%clk 0:09:23] } f5 { [%clk
0:08:57] } 17. Qxg6 { [%clk 0:09:20] } Nf6 { [%clk 0:08:37] } 18. Rg1 { [%clk
0:09:16] } Qd6 { [%clk 0:08:16] } 19. Qxg7# { [%clk 0:09:14] } 1-0

[Event "Королевский Гамбит. Южный Федеральный округ."]
[Date "2025-11-21"]
[Round "7.4"]
[Board "4"]
[White "Квачёва Дарья"]
[WhiteElo "990"]
[Black "зюзько марина"]
[BlackElo "980"]
[WebSite "https://www.chessopen.ru"]
[GameId "415eeca1-9479-47b3-ad51-b42975f6caab"]
[Result "0-1"]

1. e4 { [%clk 0:10:00] } e5 { [%clk 0:09:59] } 2. Bb5 { [%clk 0:09:59] } Nf6 {
[%clk 0:09:56] } 3. Nf3 { [%clk 0:10:00] } c6 { [%clk 0:09:55] } 4. O-O { [%clk
0:10:02] } cxb5 { [%clk 0:09:57] } 5. Na3 { [%clk 0:10:01] } Nc6 { [%clk
0:09:58] } 6. Nxb5 { [%clk 0:09:50] } Nxe4 { [%clk 0:09:56] } 7. d3 { [%clk
0:09:41] } Nf6 { [%clk 0:09:56] } 8. Bg5 { [%clk 0:09:38] } Be7 { [%clk
0:09:56] } 9. h4 { [%clk 0:09:27] } O-O { [%clk 0:09:55] } 10. d4 { [%clk
0:09:22] } exd4 { [%clk 0:09:55] } 11. c3 { [%clk 0:09:22] } dxc3 { [%clk
0:09:55] } 12. bxc3 { [%clk 0:09:21] } Ng4 { [%clk 0:09:48] } 13. Bxe7 { [%clk
0:09:19] } Qxe7 { [%clk 0:09:48] } 14. Ng5 { [%clk 0:09:06] } h6 { [%clk
0:09:31] } 15. c4 { [%clk 0:08:57] } hxg5 { [%clk 0:09:30] } 16. hxg5 { [%clk
0:08:58] } Qxg5 { [%clk 0:09:30] } 17. Nc7 { [%clk 0:08:04] } Qh4 { [%clk
0:09:29] } 18. g3 { [%clk 0:08:04] } Qh2# { [%clk 0:09:30] } 0-1

[Event "Королевский Гамбит. Южный Федеральный округ."]
[Date "2025-11-21"]
[Round "7.4"]
[Board "4"]
[White "Корниенко Ева"]
[WhiteElo "1010"]
[Black "Белоусько Елена"]
[BlackElo "972"]
[WebSite "https://www.chessopen.ru"]
[GameId "33e5986b-afe6-40c1-80c9-d05d80f71e52"]
[Result "1-0"]

1. e4 { [%clk 0:09:59] } e5 { [%clk 0:09:59] } 2. Nf3 { [%clk 0:10:00] } Bb4 {
[%clk 0:09:55] } 3. c3 { [%clk 0:09:55] } Bc5 { [%clk 0:09:52] } 4. d4 { [%clk
0:09:56] } exd4 { [%clk 0:09:51] } 5. cxd4 { [%clk 0:09:57] } Bb4+ { [%clk
0:09:51] } 6. Bd2 { [%clk 0:09:55] } Bxd2+ { [%clk 0:09:50] } 7. Qxd2 { [%clk
0:09:56] } Nf6 { [%clk 0:09:47] } 8. Nc3 { [%clk 0:09:56] } Nc6 { [%clk
0:09:46] } 9. Bc4 { [%clk 0:09:54] } O-O { [%clk 0:09:38] } 10. O-O { [%clk
0:09:54] } h6 { [%clk 0:09:37] } 11. h3 { [%clk 0:09:55] } d6 { [%clk 0:09:30]
} 12. Nh2 { [%clk 0:09:54] } Be6 { [%clk 0:09:20] } 13. d5 { [%clk 0:09:54] }
Bxd5 { [%clk 0:09:02] } 14. exd5 { [%clk 0:09:55] } Nxd5 { [%clk 0:09:01] } 15.
Bxd5 { [%clk 0:09:55] } Nb4 { [%clk 0:09:00] } 16. Bb3 { [%clk 0:09:54] } Nxa2
{ [%clk 0:08:49] } 17. Rxa2 { [%clk 0:09:51] } Qe7 { [%clk 0:08:39] } 18. Ng4 {
[%clk 0:09:45] } b6 { [%clk 0:08:29] } 19. Re1 { [%clk 0:09:45] } Qd7 { [%clk
0:08:21] } 20. Kh2 { [%clk 0:09:37] } Qd8 { [%clk 0:08:06] } 21. Bd5 { [%clk
0:09:30] } c5 { [%clk 0:07:43] } 22. Bxa8 { [%clk 0:09:26] } Qxa8 { [%clk
0:07:39] } 23. Nd5 { [%clk 0:09:12] } Qd8 { [%clk 0:07:35] } 24. Nxh6+ { [%clk
0:09:06] } Kh8 { [%clk 0:07:31] } 25. Nf5 { [%clk 0:09:03] } Re8 { [%clk
0:07:12] } 26. Rxe8+ { [%clk 0:08:55] } Qxe8 { [%clk 0:07:10] } 27. Qg5 { [%clk
0:08:49] } Qe5+ { [%clk 0:07:02] } 28. Nf4 { [%clk 0:08:48] } Qe8 { [%clk
0:06:49] } 29. Qxg7# { [%clk 0:08:40] } 1-0

[Event "Королевский Гамбит. Южный Федеральный округ."]
[Date "2025-11-21"]
[Round "7.4"]
[Board "4"]
[White "Лебедева Полина"]
[WhiteElo "998"]
[Black "Курбанова Ангелина"]
[BlackElo "1037"]
[WebSite "https://www.chessopen.ru"]
[GameId "f4906983-25cd-4fa8-815b-83ffc0fedea8"]
[Result "0-1"]

1. e4 { [%clk 0:09:59] } e5 { [%clk 0:10:01] } 2. Bc4 { [%clk 0:09:59] } Bc5 {
[%clk 0:10:02] } 3. Nf3 { [%clk 0:09:57] } Nf6 { [%clk 0:10:01] } 4. O-O {
[%clk 0:09:55] } Nc6 { [%clk 0:10:03] } 5. h3 { [%clk 0:09:55] } O-O { [%clk
0:10:04] } 6. b4 { [%clk 0:09:53] } Bxb4 { [%clk 0:10:02] } 7. d3 { [%clk
0:09:41] } h6 { [%clk 0:09:58] } 8. d4 { [%clk 0:09:37] } exd4 { [%clk 0:09:49]
} 9. c3 { [%clk 0:09:30] } dxc3 { [%clk 0:09:37] } 10. a4 { [%clk 0:09:21] } d6
{ [%clk 0:09:35] } 11. Qe1 { [%clk 0:09:10] } c2 { [%clk 0:09:32] } 12. Nbd2 {
[%clk 0:09:09] } d5 { [%clk 0:09:25] } 13. exd5 { [%clk 0:09:03] } Nxd5 { [%clk
0:09:23] } 14. Bxd5 { [%clk 0:09:01] } Qxd5 { [%clk 0:09:23] } 15. Bb2 { [%clk
0:08:27] } Bxd2 { [%clk 0:09:14] } 16. Qc1 { [%clk 0:08:19] } Bxc1 { [%clk
0:09:15] } 17. Rb1 { [%clk 0:08:13] } cxb1=Q { [%clk 0:09:14] } 18. Bc3 { [%clk
0:07:58] } Qg6 { [%clk 0:09:03] } 19. Rxc1 { [%clk 0:07:50] } Qxf3 { [%clk
0:09:04] } 20. a5 { [%clk 0:07:27] } Qgxg2# { [%clk 0:09:05] } 0-1

[Event "Королевский Гамбит. Южный Федеральный округ."]
[Date "2025-11-21"]
[Round "7.4"]
[Board "4"]
[White "Мещанская Полина"]
[WhiteElo "1001"]
[Black "Плесовских Мирослава"]
[BlackElo "979"]
[WebSite "https://www.chessopen.ru"]
[GameId "85161d7e-d75f-4a45-9418-14987dc26921"]
[Result "1-0"]

1. e4 { [%clk 0:10:00] } e5 { [%clk 0:09:59] } 2. Qh5 { [%clk 0:10:01] } Nh6 {
[%clk 0:09:56] } 3. Qxe5+ { [%clk 0:09:55] } Be7 { [%clk 0:09:53] } 4. Qxg7 {
[%clk 0:09:54] } Rg8 { [%clk 0:09:48] } 5. Qxh6 { [%clk 0:09:50] } Bb4 { [%clk
0:09:34] } 6. Qxh7 { [%clk 0:09:49] } Rf8 { [%clk 0:09:35] } 7. c3 { [%clk
0:09:44] } Bd6 { [%clk 0:09:16] } 8. d4 { [%clk 0:09:42] } Qf6 { [%clk 0:09:14]
} 9. e5 { [%clk 0:09:38] } Rh8 { [%clk 0:09:00] } 10. Qe4 { [%clk 0:09:11] }
Qe6 { [%clk 0:08:46] } 11. Bc4 { [%clk 0:08:19] } Qe7 { [%clk 0:08:05] } 12.
Nf3 { [%clk 0:07:52] } f6 { [%clk 0:07:52] } 13. Qg6+ { [%clk 0:07:49] } Kf8 {
[%clk 0:07:28] } 14. Qf7+ { [%clk 0:07:40] } Qxf7 { [%clk 0:07:26] } 15. Bxf7 {
[%clk 0:07:41] } Kxf7 { [%clk 0:07:27] } 16. exd6 { [%clk 0:07:42] } cxd6 {
[%clk 0:07:27] } 17. O-O { [%clk 0:07:41] } b6 { [%clk 0:07:11] } 18. Bf4 {
[%clk 0:07:38] } Ba6 { [%clk 0:07:09] } 19. Re1 { [%clk 0:07:30] } Nc6 { [%clk
0:07:04] } 20. Bxd6 { [%clk 0:07:22] } Rh7 { [%clk 0:06:57] } 21. Nbd2 { [%clk
0:07:10] } Rah8 { [%clk 0:06:55] } 22. d5 { [%clk 0:07:04] } Ne7 { [%clk
0:06:44] } 23. Rxe7+ { [%clk 0:07:03] } Kg6 { [%clk 0:06:41] } 24. Rxh7 { [%clk
0:07:03] } Rxh7 { [%clk 0:06:40] } 25. Ne4 { [%clk 0:07:02] } f5 { [%clk
0:06:36] } 26. Ng3 { [%clk 0:07:01] } f4 { [%clk 0:06:35] } 27. Ne4 { [%clk
0:06:59] } Kf5 { [%clk 0:06:27] } 28. Re1 { [%clk 0:06:57] } Bd3 { [%clk
0:06:17] } 29. Nd4+ { [%clk 0:06:55] } Kg4 { [%clk 0:06:11] } 30. Nf6+ { [%clk
0:06:52] } Kg5 { [%clk 0:05:55] } 31. Nxh7+ { [%clk 0:06:46] } Kg4 { [%clk
0:05:53] } 32. h3+ { [%clk 0:06:41] } Kh4 { [%clk 0:05:45] } 33. Bxf4 { [%clk
0:06:05] } Bxh7 { [%clk 0:05:41] } 34. g3+ { [%clk 0:06:02] } Kxh3 { [%clk
0:05:41] } 35. f3 { [%clk 0:05:55] } Bf5 { [%clk 0:05:32] } 36. Re2 { [%clk
0:05:48] } Bd3 { [%clk 0:05:26] } 37. Rh2# { [%clk 0:05:47] } 1-0

[Event "Королевский Гамбит. Южный Федеральный округ."]
[Date "2025-11-21"]
[Round "7.4"]
[Board "4"]
[White "Полина Сурова"]
[WhiteElo "1014"]
[Black "Крутых Кира"]
[BlackElo "1000"]
[WebSite "https://www.chessopen.ru"]
[GameId "a9c97b48-e5c7-4169-899c-c93517bbb358"]
[Result "1-0"]

1. d4 { [%clk 0:09:56] } d5 { [%clk 0:09:59] } 2. Bf4 { [%clk 0:09:58] } Bf5 {
[%clk 0:09:57] } 3. e3 { [%clk 0:09:59] } a6 { [%clk 0:09:50] } 4. Nf3 { [%clk
0:09:54] } Nc6 { [%clk 0:09:46] } 5. c3 { [%clk 0:09:44] } Nf6 { [%clk 0:09:47]
} 6. Bd3 { [%clk 0:09:45] } Bxd3 { [%clk 0:09:40] } 7. Qxd3 { [%clk 0:09:46] }
e6 { [%clk 0:09:39] } 8. Nbd2 { [%clk 0:09:46] } Be7 { [%clk 0:09:35] } 9. Ne5
{ [%clk 0:09:45] } Nxe5 { [%clk 0:09:30] } 10. Bxe5 { [%clk 0:09:43] } O-O {
[%clk 0:09:30] } 11. Nf3 { [%clk 0:09:27] } h6 { [%clk 0:09:06] } 12. Bxf6 {
[%clk 0:09:25] } Bxf6 { [%clk 0:09:04] } 13. O-O { [%clk 0:09:27] } Qd6 { [%clk
0:08:22] } 14. h3 { [%clk 0:09:22] } Rfe8 { [%clk 0:07:58] } 15. Rac1 { [%clk
0:09:18] } e5 { [%clk 0:07:42] } 16. dxe5 { [%clk 0:09:17] } Bxe5 { [%clk
0:07:41] } 17. Nxe5 { [%clk 0:09:18] } Qxe5 { [%clk 0:07:37] } 18. Qd4 { [%clk
0:09:17] } Qxd4 { [%clk 0:07:34] } 19. cxd4 { [%clk 0:09:18] } c6 { [%clk
0:07:22] } 20. Rc3 { [%clk 0:09:17] } Rac8 { [%clk 0:07:04] } 21. b4 { [%clk
0:09:13] } Re6 { [%clk 0:06:22] } 22. a4 { [%clk 0:09:11] } b5 { [%clk 0:06:15]
} 23. axb5 { [%clk 0:09:00] } axb5 { [%clk 0:06:15] } 24. Re1 { [%clk 0:08:50]
} Rc7 { [%clk 0:05:41] } 25. Rc2 { [%clk 0:08:46] } Rc8 { [%clk 0:05:37] } 26.
Rce2 { [%clk 0:08:44] } Rc7 { [%clk 0:05:28] } 27. Rc2 { [%clk 0:08:41] } Rc8 {
[%clk 0:05:27] } 28. Rec1 { [%clk 0:08:36] } Re7 { [%clk 0:05:24] } 29. Rxc6 {
[%clk 0:08:36] } Rd8 { [%clk 0:05:21] } 30. Rb6 { [%clk 0:08:32] } Rdd7 { [%clk
0:05:05] } 31. Rxb5 { [%clk 0:08:25] } Rd6 { [%clk 0:05:01] } 32. Rcc5 { [%clk
0:08:24] } Red7 { [%clk 0:04:57] } 33. Rc8+ { [%clk 0:08:22] } Kh7 { [%clk
0:04:41] } 34. Rcb8 { [%clk 0:08:18] } Ra7 { [%clk 0:04:30] } 35. R5b6 { [%clk
0:08:17] } Rxb6 { [%clk 0:04:25] } 36. Rxb6 { [%clk 0:08:18] } Ra1+ { [%clk
0:04:23] } 37. Kh2 { [%clk 0:08:19] } Rf1 { [%clk 0:04:19] } 38. Kg3 { [%clk
0:08:17] } Rb1 { [%clk 0:04:13] } 39. b5 { [%clk 0:08:17] } Rb3 { [%clk
0:04:09] } 40. Kf4 { [%clk 0:08:08] } Rb2 { [%clk 0:03:58] } 41. Kf3 { [%clk
0:08:08] } Rb3 { [%clk 0:03:55] } 42. Rb7 { [%clk 0:08:07] } Rb4 { [%clk
0:03:54] } 43. Rxf7 { [%clk 0:07:53] } Rxb5 { [%clk 0:03:53] } 44. Kf4 { [%clk
0:07:52] } Rb6 { [%clk 0:03:35] } 45. Ke5 { [%clk 0:07:50] } Rb2 { [%clk
0:03:35] } 46. Kxd5 { [%clk 0:07:50] } Re2 { [%clk 0:03:34] } 47. g3 { [%clk
0:07:49] } Re1 { [%clk 0:03:29] } 48. h4 { [%clk 0:07:51] } 1-0

[Event "Королевский Гамбит. Южный Федеральный округ."]
[Date "2025-11-21"]
[Round "7.5"]
[Board "5"]
[White "Лосев Платон"]
[WhiteElo "961"]
[Black "Замковой Артём"]
[BlackElo "993"]
[WebSite "https://www.chessopen.ru"]
[GameId "86d471c5-19cf-4529-ad8e-4f342ab9be69"]
[Result "0-1"]

1. e4 { [%clk 0:09:56] } e5 { [%clk 0:10:01] } 2. Nf3 { [%clk 0:09:50] } Nc6 {
[%clk 0:10:01] } 3. Nc3 { [%clk 0:09:49] } Bc5 { [%clk 0:09:59] } 4. d3 { [%clk
0:09:39] } h6 { [%clk 0:09:58] } 5. Be3 { [%clk 0:09:17] } Bb6 { [%clk 0:09:43]
} 6. d4 { [%clk 0:09:14] } d6 { [%clk 0:09:07] } 7. d5 { [%clk 0:09:02] } Nce7
{ [%clk 0:08:45] } 8. Bb5+ { [%clk 0:08:53] } c6 { [%clk 0:08:40] } 9. dxc6 {
[%clk 0:08:46] } bxc6 { [%clk 0:08:41] } 10. Bc4 { [%clk 0:07:55] } Nf6 { [%clk
0:08:23] } 11. b4 { [%clk 0:07:20] } Ng4 { [%clk 0:08:00] } 12. Qd2 { [%clk
0:06:41] } Nxe3 { [%clk 0:07:22] } 13. fxe3 { [%clk 0:06:34] } a5 { [%clk
0:07:23] } 14. b5 { [%clk 0:06:30] } cxb5 { [%clk 0:06:57] } 15. Bxb5+ { [%clk
0:06:25] } Bd7 { [%clk 0:06:54] } 16. Rb1 { [%clk 0:06:14] } Bxb5 { [%clk
0:06:41] } 17. Nxb5 { [%clk 0:06:03] } a4 { [%clk 0:06:33] } 18. a3 { [%clk
0:05:54] } Ba5 { [%clk 0:06:23] } 19. Nc3 { [%clk 0:05:37] } Rc8 { [%clk
0:06:18] } 20. O-O { [%clk 0:04:49] } Bxc3 { [%clk 0:06:10] } 21. Qd3 { [%clk
0:04:26] } Qc7 { [%clk 0:05:20] } 22. Qb5+ { [%clk 0:04:22] } Qc6 { [%clk
0:05:09] } 23. Rfd1 { [%clk 0:03:42] } Qxb5 { [%clk 0:04:52] } 24. Rxb5 { [%clk
0:03:37] } Rc6 { [%clk 0:04:19] } 25. Rb8+ { [%clk 0:03:26] } Rc8 { [%clk
0:04:18] } 26. Rxc8+ { [%clk 0:03:17] } Nxc8 { [%clk 0:04:19] } 27. Rd3 { [%clk
0:02:44] } Bb2 { [%clk 0:04:04] } 28. c4 { [%clk 0:02:07] } O-O { [%clk
0:03:58] } 29. g4 { [%clk 0:01:34] } g5 { [%clk 0:03:42] } 30. h4 { [%clk
0:01:10] } f6 { [%clk 0:03:28] } 31. c5 { [%clk 0:00:22] } dxc5 { [%clk
0:03:14] } 32. Rd2 { [%clk 0:00:09] } Bxa3 { [%clk 0:03:14] } 33. Rd3 { [%clk
0:00:09] } Bb4 { [%clk 0:03:15] } 34. Rd5 { [%clk 0:00:09] } a3 { [%clk
0:03:15] } 35. Rd6 { [%clk 0:00:09] } Nxd6 { [%clk 0:03:12] } 0-1

[Event "Королевский Гамбит. Южный Федеральный округ."]
[Date "2025-11-21"]
[Round "7.5"]
[Board "5"]
[White "Семено Андрей"]
[WhiteElo "1046"]
[Black "Бажин Радомир"]
[BlackElo "1047"]
[WebSite "https://www.chessopen.ru"]
[GameId "33205fbe-848f-4e98-b9e5-9be42a3cbc6e"]
[Result "0-1"]

1. e4 { [%clk 0:09:56] } e5 { [%clk 0:09:59] } 2. Nf3 { [%clk 0:09:57] } Nc6 {
[%clk 0:10:00] } 3. d4 { [%clk 0:09:58] } exd4 { [%clk 0:10:00] } 4. Nxd4 {
[%clk 0:10:00] } Bc5 { [%clk 0:10:00] } 5. Be3 { [%clk 0:10:02] } Bb6 { [%clk
0:10:00] } 6. Nxc6 { [%clk 0:10:03] } bxc6 { [%clk 0:09:58] } 7. Bxb6 { [%clk
0:10:04] } axb6 { [%clk 0:09:58] } 8. Nc3 { [%clk 0:10:05] } Ne7 { [%clk
0:09:33] } 9. Be2 { [%clk 0:10:00] } O-O { [%clk 0:08:10] } 10. O-O { [%clk
0:10:01] } Bb7 { [%clk 0:08:11] } 11. Re1 { [%clk 0:09:59] } d5 { [%clk
0:08:12] } 12. exd5 { [%clk 0:09:53] } cxd5 { [%clk 0:08:13] } 13. Bf3 { [%clk
0:09:53] } c6 { [%clk 0:08:00] } 14. a3 { [%clk 0:09:35] } Re8 { [%clk 0:07:57]
} 15. h3 { [%clk 0:09:20] } Qc7 { [%clk 0:07:57] } 16. Bg4 { [%clk 0:09:08] }
Ng6 { [%clk 0:07:54] } 17. Qd2 { [%clk 0:08:44] } Ne5 { [%clk 0:07:42] } 18.
Qf4 { [%clk 0:08:15] } Qb8 { [%clk 0:07:11] } 19. Qg3 { [%clk 0:08:06] } Nxg4 {
[%clk 0:07:04] } 20. Qxg4 { [%clk 0:07:51] } Qc7 { [%clk 0:06:33] } 21. Ne2 {
[%clk 0:07:32] } Bc8 { [%clk 0:06:29] } 22. Qg3 { [%clk 0:07:20] } Qxg3 { [%clk
0:06:28] } 23. Nxg3 { [%clk 0:07:23] } Be6 { [%clk 0:06:26] } 24. c3 { [%clk
0:07:18] } Ra4 { [%clk 0:06:20] } 25. Rad1 { [%clk 0:07:02] } b5 { [%clk
0:06:07] } 26. Ne2 { [%clk 0:07:00] } c5 { [%clk 0:06:05] } 27. Nf4 { [%clk
0:06:59] } b4 { [%clk 0:06:05] } 28. Nxe6 { [%clk 0:06:52] } Rxe6 { [%clk
0:05:59] } 29. Rxe6 { [%clk 0:06:52] } fxe6 { [%clk 0:05:59] } 30. axb4 { [%clk
0:06:52] } cxb4 { [%clk 0:06:00] } 31. cxb4 { [%clk 0:06:18] } Rxb4 { [%clk
0:06:00] } 32. Rd2 { [%clk 0:06:20] } Kf7 { [%clk 0:05:56] } 33. Kh2 { [%clk
0:06:21] } Ke7 { [%clk 0:05:57] } 34. f3 { [%clk 0:06:23] } Kd6 { [%clk
0:05:59] } 35. Kg3 { [%clk 0:06:24] } Kc5 { [%clk 0:05:59] } 36. Re2 { [%clk
0:06:24] } d4 { [%clk 0:05:56] } 37. Rc2+ { [%clk 0:05:39] } Kd5 { [%clk
0:05:55] } 38. Kf2 { [%clk 0:05:38] } d3 { [%clk 0:05:48] } 39. Rd2 { [%clk
0:05:37] } Kd4 { [%clk 0:05:48] } 40. g3 { [%clk 0:05:38] } e5 { [%clk 0:05:50]
} 41. g4 { [%clk 0:05:22] } g5 { [%clk 0:05:50] } 42. Ke1 { [%clk 0:04:52] }
Ke3 { [%clk 0:05:50] } 43. Kd1 { [%clk 0:04:41] } Rb3 { [%clk 0:05:48] } 44. h4
{ [%clk 0:04:40] } gxh4 { [%clk 0:05:43] } 45. Rh2 { [%clk 0:04:41] } Kxf3 {
[%clk 0:05:42] } 46. Rxh4 { [%clk 0:04:43] } Rxb2 { [%clk 0:05:44] } 47. Rxh7 {
[%clk 0:04:42] } Kxg4 { [%clk 0:05:40] } 48. Re7 { [%clk 0:04:40] } Kf4 { [%clk
0:05:40] } 49. Rh7 { [%clk 0:04:40] } e4 { [%clk 0:05:40] } 50. Rh4+ { [%clk
0:04:42] } Ke3 { [%clk 0:05:41] } 51. Rh3+ { [%clk 0:04:44] } Kd4 { [%clk
0:05:41] } 52. Rh8 { [%clk 0:04:45] } Rb1+ { [%clk 0:05:33] } 0-1

[Event "Королевский Гамбит. Южный Федеральный округ."]
[Date "2025-11-21"]
[Round "7.5"]
[Board "5"]
[White "Харлов Егор"]
[WhiteElo "998"]
[Black "Гончаров Дмитрий"]
[BlackElo "989"]
[WebSite "https://www.chessopen.ru"]
[GameId "cf623622-2c35-459b-b770-f2ff80b36cd9"]
[Result "0-1"]

1. e4 { [%clk 0:09:59] } e5 { [%clk 0:09:58] } 2. Nf3 { [%clk 0:09:59] } Nc6 {
[%clk 0:10:00] } 3. Nc3 { [%clk 0:09:59] } Bc5 { [%clk 0:10:01] } 4. g3 { [%clk
0:09:47] } Nf6 { [%clk 0:10:00] } 5. Bg2 { [%clk 0:09:48] } d6 { [%clk 0:10:01]
} 6. h3 { [%clk 0:09:50] } Be6 { [%clk 0:09:58] } 7. O-O { [%clk 0:09:47] } Qd7
{ [%clk 0:09:53] } 8. d3 { [%clk 0:09:50] } O-O-O { [%clk 0:09:54] } 9. Bg5 {
[%clk 0:09:46] } Rdg8 { [%clk 0:09:51] } 10. a3 { [%clk 0:09:26] } h6 { [%clk
0:09:45] } 11. Bxf6 { [%clk 0:09:27] } gxf6 { [%clk 0:09:48] } 12. b4 { [%clk
0:09:23] } Bb6 { [%clk 0:09:48] } 13. Nd5 { [%clk 0:08:46] } Bxd5 { [%clk
0:09:43] } 14. exd5 { [%clk 0:08:46] } Rxg3 { [%clk 0:09:39] } 15. dxc6 { [%clk
0:08:42] } Qxh3 { [%clk 0:09:32] } 16. cxb7+ { [%clk 0:08:21] } Kb8 { [%clk
0:09:29] } 17. Re1 { [%clk 0:08:15] } Qxg2# { [%clk 0:09:27] } 0-1